000 00341 a2200109 4500
001 ART_31515
005 20260410161707.0
008 260409a
245 1 0 _aEl concepto de "gasto devengado" para el impuesto a las ganancias
100 1 _aScalone, Enrique L.
773 0 _tRevista Impuestos
_g- NÂș 19 (oct. 2006)
_wREV639
999 _c15741
_d15741